Foro internacional sobre la obra jurídica de don Andrés Bello

Guardado en:
Detalles Bibliográficos
Autor principal: Valeriano, Luisa (Autor)
Formato: Libro
Lenguaje:español
Publicado: Caracas Fundación La Casa de Bello 1982
Materias:
Etiquetas: Agregar Etiqueta
Sin Etiquetas, Sea el primero en etiquetar este registro!

MARC

LEADER 00000nam a2200000 a 4500
001 UCT8743
003 CL-VaPUC
005 20240819145134.0
008 970326e19820000ve 1 spa d
082 0 4 |a 340.02  |b VAL  |2 21 
100 1 |a Valeriano, Luisa  |e author  |9 618228 
245 1 0 |a Foro internacional sobre la obra jurídica de don Andrés Bello 
260 |a Caracas  |b Fundación La Casa de Bello  |c 1982 
300 |a 128 p 
583 |a last modification  |c 19970326 00:00:00  |k Rodrigo Vera 
600 1 7 |a BELLO, ANDRES  |2 CL-VaPUC  |9 618229 
650 0 7 |a DERECHO  |2 CL-VaPUC  |9 618230 
650 0 0 |a Derecho internacional privado  |9 256361 
650 0 0 |a Derecho marítimo  |9 255301 
650 0 0 |a Asilos   |9 508301 
650 0 0 |a Teoría del derecho  |9 255982 
942 |c BK 
945 |a paguirre  |d 19970326 00:00:00 
546 |a En Español 
518 |p Foro Internacional sobre la Obra Jurídica de don Andrés Bello, Caracas, 24 al 27 de Noviembre de 1981 
999 |c 382846  |d 382844 
952 |0 0  |1 0  |4 0  |6 340_020000000000000_VAL_1982  |7 0  |8 A  |9 504742  |a BIBDER  |b BIBDER  |d 2020-01-23  |i 1817043  |o 340.02 VAL 1982  |p 1817043  |r 2023-01-25  |w 2020-01-23  |y BK  |k DER